000 00774cab a2200217 4500
001 WB3031-45
008 090401t1994 xxu||||| |||| 00| 0 eng d
035 _a(Sirsi) u30205
041 _aeng
245 _aRent review
260 _c1994
350 _a0
490 _aEstates Gazette Case Summaries
_v(1994) EGCS 142(1) (6.8.94)
520 _a"Historic House Hotels Ltd v Cadogan Estates & another" CA 28 July 1994. In dismissing the landlord (C)`s appeal, the court upheld the principle that alterations made by a lessee at the lessee`s sole expense should be disregarded at rent review.
650 _aDISREGARDS
650 _aIMPROVEMENTS
650 _aRENT REVIEWS
690 _aLANDLORD AND TENANT-CASE LAW-RENT REVIEWS
942 _n0
948 _c04/03/1997
999 _c20351
_d20351